000 00482cam a2200181 4500
001 26906
005 20230411085953.0
008 060907s1994 sp spa
020 _a842062800X
035 _9funglode27110
041 _aspa
100 1 _aBriggs, Asa,
_d1921-
245 1 0 _aHistoria social de Inglaterra /
_cAsa Briggs
260 _aMadrid :
_bAlianza Editorial,
_c1994
300 _a534 p.
440 0 _aColección Alianza Universidad ;
_v800
942 _2lcc
_cbk
999 _c110242
_d110242